000 00445nam a2200181Ia 4500
001 17016
005 20260306170354.0
008 260306t2000||||xx |||||||||||||| ||und||
041 _aESP
082 _a657.42
_bM19
100 _aMallo, Carlos
_eAUT
245 0 _aContabilidad de costos y estratégica de gestión
260 _c2000
300 _axx, 746 páginas :
_c25 cm.
650 _aGEN
654 _aCCO
942 _cLIB
_dJUS
_fJUS
_2ddc
_n
999 _c17016
_d17016